000 00910nam a2200241Ia 4500
999 _c32200
_d32200
003 GCL
005 20240530102430.0
008 140319s9999 xx 000 0 ara d
020 _a9025212977
040 _aGCL /
_cGCL
082 0 4 _a953.01
_bا د
100 1 _aالسيد عبدالعزيز سالم
245 1 0 _aدراسات فى تاريخ العرب :
_bتاريخ العرب قبل الاسلام /
_cالسيد عبدالعزيز سالم
260 _aالقاهرة :
_bمؤسسة شباب الجامعة ،
_c1997
300 _a483 ص ؛
_c22 سم
490 _aدراسات فى تاريخ العرب
_v1
650 0 4 _aالعصر الجاهلى
650 0 4 _aالعالم العربى
650 0 4 _aالعالم العربى - تاريخ
650 0 4 _aشبه الجزيرة العربية - تاريخ
650 0 4 _aاليمن - الاحوال الاقتصادية
942 _2ddc
_cBK